000 00446nam a2200181Ia 4500
005 20250603145843.0
008 250603s9999 xx 000 0 und d
020 _a978-154763-4
050 _aJQ 3091 .O36/
100 _aOjo, J. D.
245 4 _aThe development of the executive under the Nigerian constitutions
260 _aIbadan
260 _bUniversity Press
260 _c1985
300 _a189 p
650 _aIbadan
942 _cBK
999 _c43055
_d43055